Science Quiz

Random Science or Chemistry Quiz
Score 0/19 Timer 05:00
0 Plays Today
Point Value (# of Answers) Elements % Correct
9 (10)Nitrogen, Sodium, Silicon, Sulfur, Arsenic, Silver, Indium, Tungsten, Radium, Uranium
93.1%
6 (3)Argon, Gold, Radon
90.8%
12 (18)Lithium, Aluminum, Sulphur, Manganese, Nickel, Copper, Xenon, Rhenium, Platinum, Polonium, Dubnium, Hassium, Samarium, Europium, Thulium, Actinium, Thorium, Nobelium
90.6%
16 (4)Hydrogen, Beryllium, Krypton, Ytterbium
88.1%
13 (13)Aluminium, Chlorine, Potassium, Calcium, Scandium, Rubidium, Yttrium, Rhodium, Thallium, Neptunium, Plutonium, Einsteinium, Nihonium
87.9%
10 (16)Carbon, Titanium, Cobalt, Gallium, Selenium, Cesium, Barium, Tantalum, Osmium, Iridium, Cerium, Erbium, Lutetium, Curium, Oganesson, Tennessine
85.9%
4 (2)Neon, Iron
85.6%
11 (8)Helium, Fluorine, Bromine, Strontium, Niobium, Tellurium, Caesium, Terbium
84.9%
17 (7)Oxygen, Chromium, Technetium, Flerovium, Neodymium, Berkelium, Lawrencium
84.7%
3 (1)Tin
78.8%
Point Value (# of Answers) Elements % Correct
14 (16)Magnesium, Vanadium, Germanium, Ruthenium, Palladium, Cadmium, Antimony, Mercury, Bismuth, Bohrium, Meitnerium, Roentgenium, Lanthanum, Gadolinium, Holmium, Fermium
78.2%
7 (2)Boron, Iodine
73.3%
15 (5)Zinc, Hafnium, Francium, Seaborgium, Americium
72.5%
5 (1)Lead
62.5%
22 (3)Zirconium, Rutherfordium, Praseodymium
52.7%
18 (6)Darmstadtium, Livermorium, Dysprosium, Protactinium, Californium, Moscovium
50.6%
20 (2)Phosphorus, Molybdenum
35.4%
19 (3)Copernicium, Promethium, Mendelevium
29.8%
8 (1)Astatine
19.1%

You're not logged in!

Compare scores with friends on all Sporcle quizzes.
OR
Log In

Sporcle TV

Today on Sporcle TV


Watch our educational content, quiz creation guides, and fun videos on Sporcle TV.

Show Comments

Extras

Top Quizzes Today


Score Distribution

Your Account Isn't Verified!

In order to create a playlist on Sporcle, you need to verify the email address you used during registration. Go to your Sporcle Settings to finish the process.

Report this User

Report this user for behavior that violates our Community Guidelines.

Details: